000 00571nam a22002177a 4500
001 00556
003 DO-SdBNP
005 20220525083755.0
007 00556
008 160616b20uu dr ||||| |||| 00| 0 spa d
020 _a9788430598472
040 _aBPMSU
_bspa
_cBPMSU
082 _aR-370.03
_bD545e
_2 22
245 _aDiccionario estudiantil del español
260 _aSanto Domingo :
_bSusaeta,
_c[200-?]
300 _a712, xxxii p. :
_c17 cm.
650 4 _aEducación
_vDiccionarios
_x
650 4 _aEspañol
_vDiccionarios
910 _aVMateo V.
942 _2ddc
_cBK
999 _c10424
_d10424